4e déclinaisons masculin/féminin Latin. - Statistiques

Statistiques générales
  • Ce quiz a été pris 304 fois
  • Le résultat moyen est 10 sur 12
Statistiques - réponses
Cas Radical Terminaisons % Correct
Nominatif singulier man... -us
100%
Vocatif singulier man... -us
99%
Accusatif singulier man... -um
96%
Génitif singulier man... -us
90%
Datif pluriel man... -ibus
82%
Ablatif pluriel man... -ibus
82%
Ablatif singulier man... -u
82%
Nominatif pluriel man... -us
82%
Vocatif pluriel man... -us
82%
Accusatif pluriel man... -us
82%
Datif singulier man... -ui
77%
Génitif pluriel man... -uum
74%
Aucun quiz correspondant
Distribution des résultats
% des personnes avec chaque résultat
Percentile par nombre de réponses
Votre historique - résultats
Vous n’avez pas pris ce quiz